Introducción a la economía (Registro nro. 5829)
[ vista simple ]
| 000 -LEADER | |
|---|---|
| fixed length control field | 01027 a2200241 4500 |
| 001 - CONTROL NUMBER | |
| control field | 54929 |
| 005 - DATE AND TIME OF LATEST TRANSACTION | |
| control field | 20260407155824.0 |
| 008 - FIXED-LENGTH DATA ELEMENTS--GENERAL INFORMATION | |
| fixed length control field | 260407a1978 arg spa d |
| 003 - CONTROL NUMBER IDENTIFIER | |
| control field | AR-UNSa-BCEJYS |
| 040 ## - CATALOGING SOURCE | |
| Original cataloging agency | AR-UNSa-BCEJYS |
| Language of cataloging | spa |
| Transcribing agency | AR-UNSa-BCEJYS |
| 080 ## - UNIVERSAL DECIMAL CLASSIFICATION NUMBER | |
| Universal Decimal Classification number | 330 |
| Common auxiliary subdivision | Economía en general |
| 020 ## - INTERNATIONAL STANDARD BOOK NUMBER | |
| International Standard Book Number | 968-23-0134-3 |
| 041 ## - LANGUAGE CODE | |
| Language code of text/sound track or separate title | spa |
| 100 1# - MAIN ENTRY--PERSONAL NAME | |
| Personal name | Barros de Castro, Antonio |
| 245 10 - TITLE STATEMENT | |
| Title | Introducción a la economía |
| Name of part/section of a work | un enfoque estructuralista |
| 250 ## - EDITION STATEMENT | |
| Edition statement | 28a. ed. |
| 264 #1 - PRODUCTION, PUBLICATION, DISTRIBUTION, MANUFACTURE, AND COPYRIGHT NOTICE | |
| Place of production, publication, distribution, manufacture | México : |
| Name of producer, publisher, distributor, manufacturer | Siglo Veintiuno editores |
| Date of production, publication, distribution, manufacture, or copyright notice | 1978 |
| 300 ## - PHYSICAL DESCRIPTION | |
| Extent | 164 p. |
| Dimensions | 21 cm. |
| 505 ## - FORMATTED CONTENTS NOTE | |
| Formatted contents note | 1. El sistema económico – 2.El sistema económico (producción y el destino de los flujos) – 3.La circulación en el sistema económico – 4.Relaciones con el exterior – 5.El sector público – 6. El sistema monetario-financiero – 7.La unidad productiva en el sistema económico – 8.El reparto de la producción en el sistema económico. |
| 590 ## - LOCAL NOTE (RLIN) | |
| Local note | niveau_biblio:m niveau_hierar:0 |
| 700 1# - ADDED ENTRY--PERSONAL NAME | |
| Personal name | Lessa, Carlos Francisco |
| 942 ## - ADDED ENTRY ELEMENTS (KOHA) | |
| Koha item type | |
| Withdrawn status | Lost status | Damaged status | Not for loan | Home library | Current library | Shelving location | Date acquired | Total checkouts | Full call number | Barcode | Date last seen | Price effective from | Koha item type | Public note |
|---|---|---|---|---|---|---|---|---|---|---|---|---|---|---|
| Biblioteca Prof. Eusebio Cleto del Rey | Biblioteca Prof. Eusebio Cleto del Rey | 07/04/2026 | 330 B277 28ed. | L128537 | 07/04/2026 | 07/04/2026 | Libro | LIBRO ENTREGADO POR AZUCENA SANCHEZ EN CONCEPTO DE REEMPLAZO |